[Event "Remote S7E Easy-166 email"]
[Site "Remote email"]
[Date "2013.04.29"]
[Round "?"]
[White "Pscheidl, Udo"]
[Black "Guelker, Ute"]
[Result "0-1"]
[WhiteElo "1747"]
[BlackElo "2155"]
[PlyCount "32"]
[EventDate "2013.??.??"]
[EventType "tourn (corr)"]
[EventRounds "6"]
[EventCountry "GER"]
[SourceTitle "Corr 2015"]
[Source "ChessBase"]
[SourceDate "2015.07.17"]
[SourceVersion "1"]
[SourceVersionDate "2015.07.17"]
[SourceQuality "1"]

1. e4 e5 2. Nf3 Nc6 3. d4 exd4 4. Nxd4 Nf6 5. Nc3 Bb4 6. Nxc6 bxc6 7. Bd3 0-0 8. 0-0 d5 9. e5 Ng4 10. Bf4 f6 11. exf6 Qxf6 12. Bd2 Qh4 13. h3 Rxf2 14. hxg4 Bc5 15. Rxf2 Qxf2+ 16. Kh1 Qh4# 0-1

[Event "Remote S7E Easy-166 email"]
[Site "Remote email"]
[Date "2013.04.29"]
[Round "?"]
[White "Tortoza, Carlos Alberto"]
[Black "Guelker, Ute"]
[Result "0-1"]
[WhiteElo "1483"]
[BlackElo "2155"]
[PlyCount "70"]
[EventDate "2013.??.??"]
[EventType "tourn (corr)"]
[EventRounds "6"]
[EventCountry "GER"]
[SourceTitle "Corr 2015"]
[Source "ChessBase"]
[SourceDate "2015.07.17"]
[SourceVersion "1"]
[SourceVersionDate "2015.07.17"]
[SourceQuality "1"]

1. b3 e5 2. Bb2 Nc6 3. e3 Nf6 4. d3 d5 5. Be2 d4 6. e4 a5 7. Nf3 Bc5 8. 0-0 0-0 9. Nbd2 Qe7 10. h3 Ne8 11. Nc4 b5 12. Ncd2 a4 13. Nh2 a3 14. Bc1 Nd6 15. f4 exf4 16. Rxf4 Bb4 17. Nhf3 Bc3 18. Rb1 Nb4 19. e5 Nxa2 20. Ne4 Nxe4 21. Rxe4 Nxc1 22. Qxc1 Qb4 23. Rg4 Bxg4 24. hxg4 a2 25. Ra1 Bxa1 26. Qxa1 Qc3 27. Qxc3 dxc3 28. Nd4 a1Q+ 29. Kf2 Qa7 30. Ke3 Rfd8 31. Bf3 Qxd4+ 32. Ke2 Ra7 33. e6 Ra2 34. Be4 Rxc2+ 35. Kd1 Qf2 0-1

[Event "Remote S7E Easy-165 email"]
[Site "Remote email"]
[Date "2013.04.11"]
[Round "?"]
[White "Gottwald, Bernhard"]
[Black "Guelker, Ute"]
[Result "0-1"]
[WhiteElo "1803"]
[BlackElo "2000"]
[PlyCount "54"]
[EventDate "2013.??.??"]
[EventType "tourn (corr)"]
[EventRounds "6"]
[EventCountry "GER"]
[SourceTitle "Corr 2015"]
[Source "ChessBase"]
[SourceDate "2015.07.17"]
[SourceVersion "1"]
[SourceVersionDate "2015.07.17"]
[SourceQuality "1"]

1. Nf3 d5 2. c4 d4 3. e3 c5 4. b4 e5 5. Nxe5 dxe3 6. fxe3 cxb4 7. d4 Bd6 8. Nf3 Nf6 9. Bd3 Nc6 10. 0-0 0-0 11. a3 Re8 12. axb4 Nxb4 13. Ba3 Rxe3 14. Bxb4 Bxb4 15. Qb3 Rxf3 16. Rxf3 Qxd4+ 17. Kh1 Qxa1 18. Qxb4 Qe5 19. Qd2 Ng4 20. Rh3 Bf5 21. Bxf5 Qxf5 22. Qe1 Nf2+ 23. Kg1 Nxh3+ 24. gxh3 Qg6+ 25. Kh1 Qc6+ 26. Kg1 Re8 27. Qh4 Qg6+ 0-1